01706nam a2200337 a 4500001001000000003000900010005001700019007000300036008004100039040003000080082003300110110005500143245018500198264005500383300001800438336002700456337003300483338002800516505003600544590002600580610005700606650007800663650007400741700005200815910003900867942001200906952014100918952014601059952014601205999001701351000040706DO-SdBPM20260420091156.0ta090702s2014 dr 000 0 spa d aDO-SdBNPbspacBPMSUdrda 4a348.7293046bR426r, 20132221 aRepública DominicanabSuprema Corte de Justicia.10aRecopilación jurisprudencial integrada :bde las decisiones del tribunal constitucional de la Dominicana (sentencias año 2013) /cL. Almanzor González Canahuate [compilador]. aSanto Domingo :bSuprema Corte de Justicia ,c2014 avs. ;c24 cm. atextobtxt2rdacontent asin mediaciónbn2rdamedia avolumenbnc2rdacarrier0 av.1: parte I -- v.2 : Parte II aInventariado, 2026/VM17aRepública DominicanabSuprema Corte de Justiciax  7aJurisprudenciazRepública DominicanaxRecopilaciones, repertorios, etc. 7aSentenciaszRepública DominicanaxRecopilaciones, repertorios, etc.1 aGonzález Canahuate, L. Almanzor,ecompilador  aVMateo V. Control de calidad BPMSU 2ddccBK 00102ddc708CDaBPMETbBPMETd2026-04-17l0oBPMSU CD 348.7293046 R426r, 2013pBPMSU26040002r2026-04-17tv.1, parte Iw2026-04-17yBK 00102ddc708CDaBPMETbBPMETd2026-04-17l0oBPMSU CD 348.7293046 R426r, 2013pBPMSU26040003r2026-04-17tv.1, parte I, e.2w2026-04-17yBK 00102ddc708CDaBPMETbBPMETd2026-04-17l0oBPMSU CD 348.7293046 R426r, 2013pBPMSU26040004r2026-04-17tv.1, parte I, e.3w2026-04-17yBK c15781d15781